| 000 | 01600cad a2200289 a 4500 | ||
|---|---|---|---|
| 003 | OSt | ||
| 005 | 20210318111509.0 | ||
| 008 | 990412s19950000ck adcogr spa d | ||
| 020 | _a9586381846 | ||
| 040 |
_aCO-BoPUJ _cCO-JMCR |
||
| 041 | _aspa | ||
| 082 | 0 | 4 |
_a332.37 / _bB213b _223 |
| 110 | 2 |
_aBanco Industrial Colombiano : (Medellín) _936281 |
|
| 245 | 1 | 0 |
_aBanco Industrial Colombiano : _ccincuenta años / _bBanco Industrial Colombiano ; investigación y textos, Jorge Valencia R. ; fotografía, Guillermo Melo, Pedro Javier Restrepo. |
| 260 |
_aMedellín, Colombia : _bEditorial Colina, _c1995 |
||
| 300 |
_a158 páginas : _bilustraciones, gráficos, retratos y fotografías a color ; _c33 cm. |
||
| 504 | _aBibliografía: páginas 157-158 | ||
| 505 | _aHistoria de una pasión -- El nacimiento del BIC -- La economía y el BIC : 1955-1970 -- Los doce años siguientes -- Los últimos años -- El reto del futuro -- la evolución tecnológica -- Publicidad e imagen corporativa -- Las filiales del BIC -- Valores que suman personas -- Perfiles biográficos -- Sucursales y agencias -- Juntas directivas 1945 - 1995. | ||
| 650 | 1 | 4 |
_aBanco Industrial Colombiano _xHistoria _zColombia _936282 |
| 650 | 2 | 4 |
_aHistoria de los bancos _zAntioquia (Colombia) _936283 |
| 650 | 2 | 4 |
_aBanco industrial colombiano _zColombia _936284 |
| 700 | 1 |
_aValencia R., Jorge, _ecoautor _936285 |
|
| 700 | 1 |
_aMelo, Guillermo, _efotógrafo _936286 |
|
| 700 | 1 |
_aRestrepo, Pedro Javier, _efotógrafo _936287 |
|
| 773 | 0 |
_tProa : Urbanismo, Arquitectura, Industria _gNo. 96 (Ene. 1956) |
|
| 942 |
_2ddc _cBK |
||
| 999 |
_c15426 _d15426 |
||